000
00216nam a2200097Ia 4500
008
230915s9999 xx 000 0 und d
050
_a
PZ 7 .T26 2007
100
_a
TAN, SHAUN
245
4
_a
THE ARRIVAL
942
_c
BK
999
_c
181311
_d
181311